00767nam a22002417a 450000500170000001000130001702000220003003500130005203700160006504000120008108200150009310000220010824501230013026000350025327000460028830000200033465000200035465000280037465000400040265000450044270000200048770000180050720170124105909.0 aA-950845 a8120314301c29.00 aA-950845 bCen Lib/Ret aDPLbEN a616.995061 aCroften, Sir John aGuidlines for the management of drug- resistants tuberclosis /cby Sir John Croften, Pierre Chaulet [and] Dermot Mahar aNew DelhibPrentice Hallc1998 aM-97, Connaught circusbNew Delhie110001 a47p.c24cm(pbk) aDrug Management aTuberclosis - Treatment a ड्रग प्रबंधन aक्षय रोग - उपचार aChaulet, Pierre aMaher, Dermot